00313 a2200109 4500001000700000020000600007040001100013100002900024240007300053245006800126362000900194169943 a  cMagnum aAfonso, Almerindo Janela10aEducacao basica, democracia e cidadania: dilemas e perspectivaslpor10aEducacao basica, democracia e cidadania: dilemas e perspectivas0 a1899